| 000 | 00400nam a2200145Ia 4500 | ||
|---|---|---|---|
| 008 | 230312s9999||||xx |||||||||||||| ||und|| | ||
| 020 | _a9781119469858 | ||
| 082 |
_a005.446 _bWEV-W |
||
| 100 | _aRathbone,Andy | ||
| 245 | 0 | _aWindows 10 for dummies Windows 10 for Dummies Windows 10 for dummies | |
| 260 |
_bWiley _aUSA _c2018 |
||
| 300 | _a301 | ||
| 650 |
_aComputer _vOperating Systems |
||
| 942 | _cBK | ||
| 999 |
_c16548 _d16548 |
||